Handbook of Clinical Electrophysiology of Vision.
Spremljeno u:
| Daljnji autori: | , , |
|---|---|
| Format: | Nepoznato |
| Izdano: |
Cham, Switzerland:
Springer,
2019.
|
| Teme: | |
| Oznake: |
Dodaj oznaku
Bez oznaka, Budi prvi tko označuje ovaj zapis!
|
MARC
| LEADER | 00000 a2200000 4500 | ||
|---|---|---|---|
| 003 | CL-VaPUC | ||
| 005 | 20231205105536.0 | ||
| 008 | 2311272019 ||||| |||| 00| 0 eng d | ||
| 999 | |c 442113 |d 442111 | ||
| 020 | |a 9783030304164 | ||
| 040 | |c Pontificia Universidad Católica de Valparaíso | ||
| 082 | 7 | |a 617.71547 YU 2019 |2 22 | |
| 100 | |a Yu, Minzhong |9 885196 |e editor | ||
| 245 | |a Handbook of Clinical Electrophysiology of Vision. | ||
| 260 | |a Cham, Switzerland: |b Springer, |c 2019. | ||
| 300 | |a 219 páginas : |b ilustraciones. | ||
| 583 | |k GC |c 20231127 | ||
| 650 | 0 | |a Electrorretinografía |9 885987 | |
| 650 | 0 | |a Electrooculografía |9 885988 | |
| 650 | 0 | |a Visión |x electrofisiología |x Aplicaciones clínicas |9 886233 | |
| 700 | |a Creel, Donnell |e editor |9 886234 | ||
| 700 | |a Iannaccone, Alessandro |e editor |9 886235 | ||
| 942 | |2 ddc |c BK | ||
| 952 | |0 0 |1 0 |2 ddc |4 0 |6 617_715470000000000_YU_2019 |7 0 |8 A |9 592669 |a BIBCUR |b BIBCUR |c GEN |d 2023-11-27 |e 13 |g 143157.00 |i 5659666 |l 5 |o 617.71547 YU 2019 |p 5659666 |r 2025-04-22 |s 2024-10-22 |t 1 |v 143157.00 |w 2023-11-27 |y BK |k TEM | ||